[Event "7. Torneo de São José do Rio Preto - B"]
[Site "São José do Rio Preto BRA"]
[Date "2008.03.24"]
[Round "1.1"]
[White "Camargo, Peter Jackson Mille"]
[Black "Brandao, Evandro Alves"]
[Result "0-1"]
[WhiteElo "1834"]
[BlackElo "2029"]
[PlyCount "64"]
[EventDate "2008.03.24"]
[EventType "tourn"]
[EventRounds "11"]
[EventCountry "BRA"]
[Source "lmi"]
[SourceDate "2008.03.24"]

1. d4 Nf6 2. c4 g6 3. Nf3 Bg7 4. Nc3 d6 5. e4 O-O 6. Be2 e5 7. O-O Nc6 8. d5
Ne7 9. Ne1 Nd7 10. Be3 f5 11. f3 f4 12. Bf2 g5 13. b4 Ng6 14. c5 Rf7 15. a4 Nf6
16. c6 h5 17. a5 g4 18. g3 bxc6 19. dxc6 Be6 20. Ba6 fxg3 21. hxg3 h4 22. gxh4
g3 23. Bxg3 Nh5 24. Bf2 Nxh4 25. Be3 Qf6 26. Rf2 Bh6 27. Bxh6 Qxh6 28. Ng2 Rg7
29. Nd5 Rf8 30. Raa2 Ng3 31. Nxh4 Qxh4 32. Rh2 Ne2+ 0-1

[Event "7. Torneo de São José do Rio Preto - B"]
[Site "São José do Rio Preto BRA"]
[Date "2008.03.24"]
[Round "1.3"]
[White "Freire Dos Santos, Fernando Junior"]
[Black "Narvaez, Eduardo de Oliveira"]
[Result "1/2-1/2"]
[WhiteElo "2065"]
[BlackElo "2031"]
[PlyCount "38"]
[EventDate "2008.03.24"]
[EventType "tourn"]
[EventRounds "11"]
[EventCountry "BRA"]
[Source "lmi"]
[SourceDate "2008.03.24"]

1. d4 d5 2. Nf3 Nf6 3. c4 c6 4. Nc3 e6 5. cxd5 exd5 6. Bg5 Be7 7. e3 O-O 8. Bd3
Nbd7 9. O-O Ne4 10. Bxe7 Qxe7 11. Qc2 Ndf6 12. Ne5 Nxc3 13. bxc3 g6 14. c4 dxc4
15. Bxc4 Be6 16. Bxe6 Qxe6 17. a4 Nd7 18. Nxd7 Qxd7 19. Rab1 Rab8 1/2-1/2

[Event "7. Torneo de São José do Rio Preto - B"]
[Site "São José do Rio Preto BRA"]
[Date "2008.03.24"]
[Round "1.4"]
[White "Fernandes, Luiz"]
[Black "Rodrigues, Tiago"]
[Result "0-1"]
[WhiteElo "1558"]
[BlackElo "2113"]
[PlyCount "68"]
[EventDate "2008.03.24"]
[EventType "tourn"]
[EventRounds "11"]
[EventCountry "BRA"]
[Source "lmi"]
[SourceDate "2008.03.24"]

1. e4 c5 2. Nf3 Nc6 3. d4 cxd4 4. Nxd4 g6 5. Bc4 Bg7 6. Be3 Nf6 7. Nd2 O-O 8.
O-O d6 9. c3 Ng4 10. Nc2 Nxe3 11. Nxe3 Rb8 12. Bd3 b5 13. a3 a5 14. Rc1 Ne5 15.
Bb1 b4 16. axb4 axb4 17. Kh1 bxc3 18. bxc3 Ba6 19. c4 Qa5 20. f4 Nc6 21. Bd3
Qa3 22. Nb1 Qc5 23. Ng4 h5 24. Nf2 Rfc8 25. Nd2 Qe3 26. f5 Rb2 27. Rc2 Rcb8 28.
fxg6 fxg6 29. Qf3 Qxf3 30. Nxf3 Rxc2 31. Bxc2 Bxc4 32. Rb1 Ra8 33. Nd2 Ra2 34.
Rc1 Bh6 0-1

[Event "7. Torneo de São José do Rio Preto - B"]
[Site "São José do Rio Preto BRA"]
[Date "2008.03.24"]
[Round "1.5"]
[White "Pichuaga, Juan Pablo"]
[Black "Zallio, Luciano Souza"]
[Result "1/2-1/2"]
[WhiteElo "2184"]
[BlackElo "2087"]
[PlyCount "104"]
[EventDate "2008.03.24"]
[EventType "tourn"]
[EventRounds "11"]
[EventCountry "BRA"]
[Source "lmi"]
[SourceDate "2008.03.24"]

1. e4 c5 2. Nc3 d6 3. Nf3 Nc6 4. Be2 Nf6 5. O-O g6 6. d4 cxd4 7. Nxd4 Bg7 8.
Be3 O-O 9. h3 Bd7 10. Qd2 a6 11. Nxc6 Bxc6 12. Bf3 Nd7 13. Bd4 Ne5 14. Be2 Rc8
15. Nd5 Bxd5 16. exd5 Qc7 17. c3 Nc4 18. Bxc4 Qxc4 19. Bxg7 Kxg7 20. Rfd1 Rc7
21. Qd4+ Kg8 22. Rd3 Rfc8 23. Qxc4 Rxc4 24. Re1 Kf8 25. f3 b5 26. a3 a5 27.
Rde3 R8c7 28. Re4 R4c5 29. Rd1 a4 30. Kf2 Kg7 31. Ke3 g5 32. h4 h6 33. hxg5
hxg5 34. Rb4 f5 35. f4 g4 36. Rdd4 Kf6 37. g3 e5 38. dxe6 Kxe6 39. Rd2 Rh7 40.
Rbd4 d5 41. Re2 Kd6 42. Kd2 Rh3 43. Rd3 Rc4 44. Re8 Rh2+ 45. Kc1 Re4 46. Rd8+
Kc6 47. R8xd5 Re1+ 48. Rd1 Rxd1+ 49. Rxd1 Rg2 50. Rd3 Kc5 51. Kb1 Kc4 52. Rd4+
Kc5 1/2-1/2

[Event "7. Torneo de São José do Rio Preto - B"]
[Site "São José do Rio Preto BRA"]
[Date "2008.03.24"]
[Round "1.6"]
[White "Shiroma, Silvio Hauro"]
[Black "De Jesus Maria Cardoso, Arnulfo"]
[Result "1-0"]
[WhiteElo "2118"]
[BlackElo "1854"]
[PlyCount "103"]
[EventDate "2008.03.24"]
[EventType "tourn"]
[EventRounds "11"]
[EventCountry "BRA"]
[Source "lmi"]
[SourceDate "2008.03.24"]

1. e4 e5 2. Nf3 Nc6 3. Bb5 a6 4. Ba4 b5 5. Bb3 Nf6 6. O-O Be7 7. Re1 O-O 8. d3
d6 9. c3 Na5 10. Bc2 c5 11. Nbd2 Qc7 12. Nf1 Bd7 13. h3 Rfc8 14. Ne3 g6 15. g4
Bf8 16. Kg2 Bg7 17. Qe2 Nc6 18. Bd2 Re8 19. Rf1 Rad8 20. Rac1 Bc8 21. c4 Nd4
22. Nxd4 exd4 23. Nd5 Nxd5 24. cxd5 Qd7 25. Ba5 h5 26. Kg3 g5 27. Bxd8 Be5+ 28.
Kg2 Rxd8 29. Bd1 Bf4 30. Rc2 Re8 31. a3 h4 32. b4 Qa7 33. a4 f5 34. gxf5 Bxf5
35. Qh5 Bd7 36. Bg4 Re7 37. Bxd7 Rxd7 38. Qe8+ Kg7 39. bxc5 dxc5 40. axb5 Re7
41. Qc6 axb5 42. Qxc5 Qd7 43. Qc6 Qd8 44. Qc8 Qa5 45. Rc6 Qa3 46. Qf5 Bd6 47.
Qxg5+ Kf7 48. Rc8 Qxd3 49. Qg8+ Kf6 50. Rf8+ Ke5 51. Qg5+ Kxe4 52. Qf5# 1-0

[Event "7. Torneo de São José do Rio Preto - B"]
[Site "São José do Rio Preto BRA"]
[Date "2008.03.24"]
[Round "2.1"]
[White "Brandao, Evandro Alves"]
[Black "De Jesus Maria Cardoso, Arnulfo"]
[Result "1-0"]
[WhiteElo "2029"]
[BlackElo "1854"]
[PlyCount "59"]
[EventDate "2008.03.24"]
[EventType "tourn"]
[EventRounds "11"]
[EventCountry "BRA"]
[Source "lmi"]
[SourceDate "2008.03.24"]

1. e4 e5 2. Nf3 Nc6 3. Bb5 a6 4. Ba4 b5 5. Bb3 Nf6 6. O-O Be7 7. d4 exd4 8. e5
Ne4 9. Bd5 Ng5 10. Nxd4 Bb7 11. Nf5 O-O 12. f4 Ne6 13. Nc3 Na5 14. Qg4 g6 15.
Bxb7 Nxb7 16. Ne4 Ng7 17. Nxe7+ Qxe7 18. Nf6+ Kh8 19. Qh3 Nh5 20. Nxh5 gxh5 21.
Bd2 Rg8 22. f5 Rg4 23. Rae1 Rag8 24. Rf2 h4 25. e6 b4 26. exf7 Qxf7 27. Bxb4 h5
28. Re7 Qd5 29. Bc3+ R8g7 30. Rxg7 1-0

[Event "7. Torneo de São José do Rio Preto - B"]
[Site "São José do Rio Preto BRA"]
[Date "2008.03.24"]
[Round "2.2"]
[White "Zallio, Luciano Souza"]
[Black "Shiroma, Silvio Hauro"]
[Result "0-1"]
[WhiteElo "2087"]
[BlackElo "2118"]
[PlyCount "72"]
[EventDate "2008.03.24"]
[EventType "tourn"]
[EventRounds "11"]
[EventCountry "BRA"]
[Source "lmi"]
[SourceDate "2008.03.24"]

1. e4 e5 2. Nf3 Nc6 3. Bc4 Bc5 4. c3 Nf6 5. d4 exd4 6. cxd4 Bb4+ 7. Nc3 Nxe4 8.
O-O Bxc3 9. bxc3 d5 10. Bd3 O-O 11. Qc2 Bf5 12. Rb1 Rb8 13. c4 a6 14. Re1 Ne7
15. Ba3 Nd6 16. Bxf5 Ndxf5 17. cxd5 Nd6 18. Re5 Ng6 19. Rc1 Rc8 20. Rh5 h6 21.
Re5 Nf4 22. Qb3 Qd7 23. Qe3 Qg4 24. Ne1 f6 25. Bxd6 fxe5 26. Bxf8 Ne2+ 27. Kf1
Nxc1 28. Ba3 Nxa2 29. d6 Qe6 30. dxe5 cxd6 31. Bxd6 Nc3 32. Nd3 Nb5 33. Nc5
Qc4+ 34. Nd3 Rd8 35. g3 Nxd6 36. Kg1 Nf5 0-1

[Event "7. Torneo de São José do Rio Preto - B"]
[Site "São José do Rio Preto BRA"]
[Date "2008.03.24"]
[Round "2.3"]
[White "Rodrigues, Tiago"]
[Black "Pichuaga, Juan Pablo"]
[Result "1/2-1/2"]
[WhiteElo "2113"]
[BlackElo "2184"]
[PlyCount "22"]
[EventDate "2008.03.24"]
[EventType "tourn"]
[EventRounds "11"]
[EventCountry "BRA"]
[Source "lmi"]
[SourceDate "2008.03.24"]

1. c4 d6 2. Nc3 e5 3. g3 g6 4. Bg2 Bg7 5. Nf3 Ne7 6. d4 exd4 7. Nxd4 Nbc6 8.
Be3 O-O 9. Rc1 Nf5 10. Nxf5 Bxf5 11. O-O Qd7 1/2-1/2

[Event "7. Torneo de São José do Rio Preto - B"]
[Site "São José do Rio Preto BRA"]
[Date "2008.03.24"]
[Round "2.4"]
[White "Narvaez, Eduardo de Oliveira"]
[Black "Fernandes, Luiz"]
[Result "1-0"]
[WhiteElo "2031"]
[BlackElo "1558"]
[PlyCount "71"]
[EventDate "2008.03.24"]
[EventType "tourn"]
[EventRounds "11"]
[EventCountry "BRA"]
[Source "lmi"]
[SourceDate "2008.03.24"]

1. d4 g6 2. Nf3 Bg7 3. c4 Nf6 4. Nc3 d5 5. Bf4 O-O 6. e3 c6 7. cxd5 cxd5 8. h3
Nc6 9. Bd3 Nb4 10. Bb1 Bd7 11. O-O Nc6 12. Bc2 e6 13. a3 Rc8 14. Rc1 a6 15. Na4
Ne7 16. Nc5 Bc6 17. Ne5 Qb6 18. b4 Rfd8 19. Qf3 Nd7 20. Nxf7 Rf8 21. Nd6 Bb5
22. Nxc8 Nxc8 23. Nxd7 Bxd7 24. Qg3 Qd8 25. Bd3 Ne7 26. Bg5 Qe8 27. Bxe7 Qxe7
28. Rc7 e5 29. dxe5 Bxe5 30. Rxd7 Qxd7 31. Qxe5 Re8 32. Qd4 Qd6 33. Rd1 Rc8 34.
Bb1 Rc4 35. Qa7 b5 36. Ba2 1-0

[Event "7. Torneo de São José do Rio Preto - B"]
[Site "São José do Rio Preto BRA"]
[Date "2008.03.24"]
[Round "2.5"]
[White "Polachini, Diego"]
[Black "Freire Dos Santos, Fernando Junior"]
[Result "1-0"]
[WhiteElo "1971"]
[BlackElo "2065"]
[PlyCount "141"]
[EventDate "2008.03.24"]
[EventType "tourn"]
[EventRounds "11"]
[EventCountry "BRA"]
[Source "lmi"]
[SourceDate "2008.03.24"]

1. Nf3 Nf6 2. d4 c5 3. d5 b5 4. c4 a6 5. Qc2 bxc4 6. e4 d6 7. Bxc4 g6 8. Nc3
Bg7 9. O-O O-O 10. Re1 Ng4 11. h3 Ne5 12. Nxe5 Bxe5 13. f4 Bd4+ 14. Be3 Bg7 15.
Rad1 Nd7 16. Bf2 Rb8 17. Bg3 Rb4 18. Bf1 Qb6 19. Rd2 g5 20. fxg5 Ne5 21. a3 Rd4
22. Rf2 Bd7 23. Bf4 c4 24. Be3 Nd3 25. Bxd3 cxd3 26. Qd2 Rc8 27. Kh1 Rcc4 28.
Rf3 Qb3 29. Bxd4 Rxd4 30. Rxd3 Rxd3 31. Qxd3 Qxb2 32. Nd1 Qe5 33. Qd2 Ba4 34.
Nf2 Bb5 35. Ng4 Qg3 36. Qe3 Qh4 37. Rc1 Bd7 38. Qf3 Qxg5 39. Rc7 Bxg4 40. Qxg4
Qxg4 41. hxg4 Bb2 42. Rxe7 Bxa3 43. Ra7 Bc5 44. Rxa6 Kg7 45. g3 Kf6 46. Kg2 Kg5
47. Kf3 Bb4 48. Rc6 Kf6 49. Rc7 h6 50. Rc2 Ba3 51. Kg2 Ke5 52. Rc4 Kf6 53. Kh3
Bb2 54. Rc2 Bd4 55. Kh4 Kg6 56. Rc1 Kf6 57. Rf1+ Ke5 58. Rxf7 Kxe4 59. Rf4+
Kxd5 60. Rxd4+ Kxd4 61. Kh5 d5 62. Kxh6 Ke3 63. g5 d4 64. g6 d3 65. g7 d2 66.
g8=Q d1=Q 67. Qg5+ Kf2 68. g4 Qd6+ 69. Qg6 Qf8+ 70. Qg7 Qd6+ 71. Kh7 1-0

[Event "7. Torneo de São José do Rio Preto - B"]
[Site "São José do Rio Preto BRA"]
[Date "2008.03.25"]
[Round "3.2"]
[White "Freire Dos Santos, Fernando Junior"]
[Black "Camargo, Peter Jackson Mille"]
[Result "1-0"]
[WhiteElo "2065"]
[BlackElo "1834"]
[PlyCount "51"]
[EventDate "2008.03.24"]
[EventType "tourn"]
[EventRounds "11"]
[EventCountry "BRA"]
[Source "lmi"]
[SourceDate "2008.03.24"]

1. e4 g6 2. d4 Bg7 3. c4 d6 4. Nc3 Nf6 5. f3 Nbd7 6. Be3 e5 7. d5 b6 8. Qd2 h6
9. g4 Ng8 10. h4 f6 11. Nge2 a5 12. f4 g5 13. f5 Nc5 14. b3 Bd7 15. Ng3 Qe7 16.
Rb1 Na6 17. Be2 Nc5 18. Kf2 Qf7 19. Rh2 Ne7 20. Rbh1 O-O-O 21. Rb1 Kb7 22. a3
Ra8 23. b4 axb4 24. axb4 Na6 25. c5 c6 26. dxc6+ 1-0

[Event "7. Torneo de São José do Rio Preto - B"]
[Site "São José do Rio Preto BRA"]
[Date "2008.03.25"]
[Round "3.3"]
[White "Fernandes, Luiz"]
[Black "Polachini, Diego"]
[Result "0-1"]
[WhiteElo "1558"]
[BlackElo "1971"]
[PlyCount "68"]
[EventDate "2008.03.24"]
[EventType "tourn"]
[EventRounds "11"]
[EventCountry "BRA"]
[Source "lmi"]
[SourceDate "2008.03.24"]

1. Nf3 d5 2. b3 Nf6 3. Bb2 e6 4. e3 c5 5. c4 Nc6 6. d4 b6 7. dxc5 Bxc5 8. cxd5
Bb4+ 9. Nbd2 Qxd5 10. Bc4 Qd8 11. O-O Bb7 12. Bb5 O-O 13. a3 Be7 14. Rc1 Rc8
15. Qe2 Qd5 16. Bc4 Qh5 17. Nd4 Qg6 18. f3 Nxd4 19. Bxd4 Rfd8 20. b4 Bd6 21.
Ba6 Rb8 22. Bxb7 Rxb7 23. Qa6 Rbd7 24. Rc8 Qh5 25. g3 e5 26. Bc3 Nd5 27. e4
Nxc3 28. Rxc3 Bc5+ 29. bxc5 Rxd2 30. h4 Qg6 31. g4 Qf6 32. Rf2 Rxf2 33. Kxf2
Qxh4+ 34. Kg1 Qg3+ 0-1

[Event "7. Torneo de São José do Rio Preto - B"]
[Site "São José do Rio Preto BRA"]
[Date "2008.03.25"]
[Round "3.4"]
[White "Pichuaga, Juan Pablo"]
[Black "Narvaez, Eduardo de Oliveira"]
[Result "1/2-1/2"]
[WhiteElo "2184"]
[BlackElo "2031"]
[PlyCount "37"]
[EventDate "2008.03.24"]
[EventType "tourn"]
[EventRounds "11"]
[EventCountry "BRA"]
[Source "lmi"]
[SourceDate "2008.03.24"]

1. e4 c5 2. Nc3 e6 3. g3 Nc6 4. Bg2 g6 5. d3 Bg7 6. Nge2 Nge7 7. Bg5 d6 8. Qd2
Nd4 9. Nd1 Rb8 10. O-O O-O 11. Nxd4 cxd4 12. Bh6 e5 13. Bxg7 Kxg7 14. c3 Nc6
15. cxd4 Nxd4 16. Ne3 Bh3 17. Nc2 Bxg2 18. Kxg2 Nxc2 19. Qxc2 1/2-1/2

[Event "7. Torneo de São José do Rio Preto - B"]
[Site "São José do Rio Preto BRA"]
[Date "2008.03.25"]
[Round "3.5"]
[White "Shiroma, Silvio Hauro"]
[Black "Rodrigues, Tiago"]
[Result "1/2-1/2"]
[WhiteElo "2117"]
[BlackElo "2113"]
[PlyCount "20"]
[EventDate "2008.03.24"]
[EventType "tourn"]
[EventRounds "11"]
[EventCountry "BRA"]
[Source "lmi"]
[SourceDate "2008.03.24"]

1. e4 c6 2. d4 d5 3. exd5 cxd5 4. c4 Nf6 5. Nc3 e6 6. Nf3 Nc6 7. Bf4 dxc4 8.
Bxc4 a6 9. O-O Be7 10. Re1 O-O 1/2-1/2

[Event "7. Torneo de São José do Rio Preto - B"]
[Site "São José do Rio Preto BRA"]
[Date "2008.03.25"]
[Round "3.6"]
[White "De Jesus Maria Cardoso, Arnulfo"]
[Black "Zallio, Luciano Souza"]
[Result "1/2-1/2"]
[WhiteElo "1854"]
[BlackElo "2087"]
[PlyCount "54"]
[EventDate "2008.03.24"]
[EventType "tourn"]
[EventRounds "11"]
[EventCountry "BRA"]
[Source "lmi"]
[SourceDate "2008.03.24"]

1. e4 c5 2. Nf3 d6 3. d4 cxd4 4. Nxd4 Nf6 5. Nc3 Nc6 6. Be3 g6 7. Bc4 Bg7 8. f3
O-O 9. Qd2 a6 10. O-O-O Ne5 11. Bb3 b5 12. Bh6 Bd7 13. Bxg7 Kxg7 14. g4 Rc8 15.
h4 h5 16. Nd5 Nxd5 17. Bxd5 Rh8 18. Rdg1 e6 19. Bb3 a5 20. a3 a4 21. Ba2 Qf6
22. gxh5 Rxh5 23. f4 Nc4 24. Bxc4 Rxc4 25. c3 Bc6 26. Nxc6 Rxc6 27. Rg5 Rc5
1/2-1/2

[Event "7. Torneo de São José do Rio Preto - B"]
[Site "São José do Rio Preto BRA"]
[Date "2008.03.25"]
[Round "4.1"]
[White "Brandao, Evandro Alves"]
[Black "Zallio, Luciano Souza"]
[Result "0-1"]
[WhiteElo "2029"]
[BlackElo "2087"]
[PlyCount "80"]
[EventDate "2008.03.24"]
[EventType "tourn"]
[EventRounds "11"]
[EventCountry "BRA"]
[Source "lmi"]
[SourceDate "2008.03.24"]

1. e4 e6 2. d4 d5 3. Nd2 dxe4 4. Nxe4 Nd7 5. Nf3 Ngf6 6. Nxf6+ Nxf6 7. Bd3 c5
8. c3 cxd4 9. cxd4 Be7 10. Bg5 Qa5+ 11. Kf1 O-O 12. Qc2 h6 13. h4 Bd7 14. Qe2
Bc6 15. Ne5 Qd5 16. Nxc6 bxc6 17. Qe5 Rfd8 18. Qxd5 Nxd5 19. Be3 Nxe3+ 20. fxe3
c5 21. Rd1 cxd4 22. exd4 Bf6 23. Ke2 Rxd4 24. h5 Rg4 25. Kf3 Ra4 26. Be4 Rb8
27. Rd7 Rxa2 28. Rc1 Raxb2 29. Rcc7 R2b3+ 30. Ke2 Be5 31. Rxa7 Rb2+ 32. Ke3 f5
33. Bf3 R8b3+ 34. Rd3 Bf4+ 35. Kd4 e5+ 36. Kc4 Rxd3 37. Kxd3 e4+ 38. Kc3 exf3
39. gxf3 Rh2 40. Ra8+ Kh7 0-1

[Event "7. Torneo de São José do Rio Preto - B"]
[Site "São José do Rio Preto BRA"]
[Date "2008.03.25"]
[Round "4.2"]
[White "Rodrigues, Tiago"]
[Black "De Jesus Maria Cardoso, Arnulfo"]
[Result "1-0"]
[WhiteElo "2113"]
[BlackElo "1854"]
[PlyCount "95"]
[EventDate "2008.03.24"]
[EventType "tourn"]
[EventRounds "11"]
[EventCountry "BRA"]
[Source "lmi"]
[SourceDate "2008.03.24"]

1. e4 c5 2. Nf3 Nc6 3. d4 cxd4 4. Nxd4 d6 5. Nc3 a6 6. Be3 e6 7. Bc4 Nf6 8. Bb3
Be7 9. f4 e5 10. Nxc6 bxc6 11. fxe5 Ng4 12. Bg1 Nxe5 13. Qd2 Bg4 14. Bf2 Bg5
15. Be3 Bh4+ 16. Bf2 Bg5 17. Qd4 c5 18. Ba4+ Kf8 19. Qd5 Be6 20. Qd1 Bg4 21.
Qd5 Be6 22. Qd1 Bg4 23. Ne2 Qa5+ 24. c3 Ke7 25. h3 Bh5 26. Qc2 c4 27. Nd4 Rhd8
28. O-O Rac8 29. Kh1 Kf8 30. Bg3 Kg8 31. Rf5 h6 32. Bxe5 dxe5 33. Nc6 Rxc6 34.
Bxc6 Rd2 35. Qa4 Qb6 36. Bd5 Qxb2 37. Qe8+ Kh7 38. Rg1 Rf2 39. Bxf7 Bxf7 40.
Rxf7 Rxf7 41. Qxf7 Qxc3 42. Qf5+ Kg8 43. Rb1 Qd4 44. Rb8+ Bd8 45. Qc8 Qc3 46.
Qxd8+ Kh7 47. Qg8+ Kg6 48. Qe6+ 1-0

[Event "7. Torneo de São José do Rio Preto - B"]
[Site "São José do Rio Preto BRA"]
[Date "2008.03.25"]
[Round "4.3"]
[White "Narvaez, Eduardo de Oliveira"]
[Black "Shiroma, Silvio Hauro"]
[Result "1-0"]
[WhiteElo "2031"]
[BlackElo "2117"]
[PlyCount "117"]
[EventDate "2008.03.24"]
[EventType "tourn"]
[EventRounds "11"]
[EventCountry "BRA"]
[Source "lmi"]
[SourceDate "2008.03.24"]

1. d4 Nf6 2. Nf3 g6 3. c4 Bg7 4. Nc3 O-O 5. e4 d6 6. Be2 e5 7. O-O Nc6 8. d5
Ne7 9. Ne1 Nd7 10. Be3 f5 11. f3 f4 12. Bf2 g5 13. a4 Ng6 14. a5 Rf7 15. Nb5 a6
16. Na7 Bf8 17. Nxc8 Qxc8 18. Nd3 Nf6 19. c5 g4 20. fxg4 Nxe4 21. Bf3 Ng5 22.
h4 Nxf3+ 23. gxf3 h5 24. Ra4 Be7 25. Kg2 hxg4 26. fxg4 Bxh4 27. Rh1 Rh7 28. Qf3
Qd7 29. b3 Re8 30. Kf1 Kg7 31. Rc4 Qe7 32. cxd6 cxd6 33. Bb6 e4 34. Qd1 Qg5 35.
Rc7+ Re7 36. Rxe7+ Qxe7 37. Nf2 e3 38. Bd4+ Kg8 39. Qc2 Nf8 40. Ne4 Qd8 41. g5
Nd7 42. Nf6+ Nxf6 43. gxf6 Qe8 44. Qe2 Qe4 45. Qg4+ Kf7 46. Qd7+ Kg6 47. Qg4+
Kf7 48. Rxh4 e2+ 49. Ke1 Qb1+ 50. Kxe2 Qe4+ 51. Kf1 Qd3+ 52. Kg2 Qd2+ 53. Bf2
Qxd5+ 54. Kh2 Rxh4+ 55. Qxh4 Qf5 56. Qh8 Qc2 57. Qg7+ Ke6 58. Qe7+ Kf5 59. Qh7+
1-0

[Event "7. Torneo de São José do Rio Preto - B"]
[Site "São José do Rio Preto BRA"]
[Date "2008.03.25"]
[Round "4.4"]
[White "Polachini, Diego"]
[Black "Pichuaga, Juan Pablo"]
[Result "1/2-1/2"]
[WhiteElo "1971"]
[BlackElo "2184"]
[PlyCount "22"]
[EventDate "2008.03.24"]
[EventType "tourn"]
[EventRounds "11"]
[EventCountry "BRA"]
[Source "lmi"]
[SourceDate "2008.03.24"]

1. d4 Nf6 2. Nf3 g6 3. e3 Bg7 4. Bd3 O-O 5. O-O d5 6. c4 c6 7. Nc3 Bg4 8. cxd5
cxd5 9. h3 Bxf3 10. Qxf3 Nc6 11. a3 e6 1/2-1/2

[Event "7. Torneo de São José do Rio Preto - B"]
[Site "São José do Rio Preto BRA"]
[Date "2008.03.25"]
[Round "4.5"]
[White "Camargo, Peter Jackson Mille"]
[Black "Fernandes, Luiz"]
[Result "1-0"]
[WhiteElo "1834"]
[BlackElo "1558"]
[PlyCount "69"]
[EventDate "2008.03.24"]
[EventType "tourn"]
[EventRounds "11"]
[EventCountry "BRA"]
[Source "lmi"]
[SourceDate "2008.03.24"]

1. d4 g6 2. e4 Bg7 3. c4 c5 4. d5 d6 5. Nc3 Bd7 6. Be3 f5 7. Bd3 fxe4 8. Bxe4
Nf6 9. Bd3 O-O 10. h3 Na6 11. a3 Nc7 12. Qd2 a5 13. Nge2 Rb8 14. Nb5 Bxb5 15.
cxb5 b6 16. Bc4 Qe8 17. Nc3 Nd7 18. f4 Nf6 19. g4 Qd7 20. O-O-O Nfe8 21. a4 Kh8
22. h4 Nf6 23. Be2 Nxg4 24. Bxg4 Qxg4 25. Rdg1 Qf5 26. Rg5 Qf6 27. Qd3 e6 28.
Bd2 Qf7 29. h5 Nxd5 30. hxg6 Nxf4 31. Qe4 Nxg6 32. Rxg6 Qxg6 33. Qxg6 Rf1+ 34.
Kc2 Rxh1 35. Qxe6 1-0

[Event "7. Torneo de São José do Rio Preto - B"]
[Site "São José do Rio Preto BRA"]
[Date "2008.03.26"]
[Round "5.1"]
[White "Freire Dos Santos, Fernando Junior"]
[Black "Brandao, Evandro Alves"]
[Result "1/2-1/2"]
[WhiteElo "2065"]
[BlackElo "2029"]
[PlyCount "24"]
[EventDate "2008.03.24"]
[EventType "tourn"]
[EventRounds "11"]
[EventCountry "BRA"]
[Source "lmi"]
[SourceDate "2008.03.24"]

1. e4 e5 2. Nf3 Nc6 3. Bb5 a6 4. Ba4 Nf6 5. O-O Be7 6. Re1 b5 7. Bb3 O-O 8. c3
d5 9. exd5 Nxd5 10. Nxe5 Nxe5 11. Rxe5 c6 12. d4 Bd6 1/2-1/2

[Event "7. Torneo de São José do Rio Preto - B"]
[Site "São José do Rio Preto BRA"]
[Date "2008.03.26"]
[Round "5.3"]
[White "Pichuaga, Juan Pablo"]
[Black "Camargo, Peter Jackson Mille"]
[Result "1/2-1/2"]
[WhiteElo "2184"]
[BlackElo "1834"]
[PlyCount "42"]
[EventDate "2008.03.24"]
[EventType "tourn"]
[EventRounds "11"]
[EventCountry "BRA"]
[Source "lmi"]
[SourceDate "2008.03.24"]

1. e4 d5 2. exd5 Qxd5 3. Nc3 Qa5 4. d4 Nf6 5. Bd2 c6 6. Nf3 Bg4 7. Be2 e6 8.
O-O Qc7 9. Ne5 Bxe2 10. Qxe2 Bd6 11. Ne4 Bxe5 12. dxe5 Qxe5 13. Nxf6+ Qxf6 14.
Bb4 Qf4 15. Ba3 Nd7 16. g3 Qg5 17. Qf3 Qf6 18. Qe3 Qe5 19. Qf3 Qf6 20. Qe3 Qe5
21. Qf3 Qf6 1/2-1/2

[Event "7. Torneo de São José do Rio Preto - B"]
[Site "São José do Rio Preto BRA"]
[Date "2008.03.26"]
[Round "5.5"]
[White "De Jesus Maria Cardoso, Arnulfo"]
[Black "Narvaez, Eduardo de Oliveira"]
[Result "0-1"]
[WhiteElo "1834"]
[BlackElo "2031"]
[PlyCount "74"]
[EventDate "2008.03.24"]
[EventType "tourn"]
[EventRounds "11"]
[EventCountry "BRA"]
[Source "lmi"]
[SourceDate "2008.03.24"]

1. e4 c5 2. Nf3 e6 3. d4 cxd4 4. Nxd4 Nc6 5. Nc3 Qc7 6. Be2 a6 7. O-O Nf6 8.
Be3 Bb4 9. Bd3 Ne5 10. h3 O-O 11. f4 Nxd3 12. Qxd3 Bxc3 13. bxc3 d5 14. e5 Ne4
15. Ne2 Bd7 16. c4 Qxc4 17. Qxc4 dxc4 18. c3 g6 19. Kh2 Ba4 20. Bd4 Rfd8 21.
Ng3 Nxg3 22. Kxg3 b5 23. Kf3 Rd5 24. a3 a5 25. Ke3 Rb8 26. g4 Bb3 27. Rfc1 Rbd8
28. Bb6 Rd3+ 29. Ke4 R8d5 30. Bxa5 Bd1 31. Rxd1 Rxd1 32. Rxd1 Rxd1 33. Kf3 Rd3+
34. Kg2 h5 35. g5 Kf8 36. Bb4+ Ke8 37. Kh2 Kd7 0-1

[Event "7. Torneo de São José do Rio Preto - B"]
[Site "São José do Rio Preto BRA"]
[Date "2008.03.26"]
[Round "5.6"]
[White "Zallio, Luciano Souza"]
[Black "Rodrigues, Tiago"]
[Result "0-1"]
[WhiteElo "2083"]
[BlackElo "2113"]
[PlyCount "119"]
[EventDate "2008.03.24"]
[EventType "tourn"]
[EventRounds "11"]
[EventCountry "BRA"]
[Source "lmi"]
[SourceDate "2008.03.24"]

1. e4 c5 2. Nf3 Nc6 3. d4 cxd4 4. Nxd4 g6 5. Nc3 Bg7 6. Be3 Nf6 7. f3 O-O 8.
Qd2 d5 9. exd5 Nxd5 10. Nxd5 Qxd5 11. Nxc6 Qxc6 12. c3 Bf5 13. Be2 Rfd8 14. Qc1
b6 15. Kf2 Rd6 16. Rd1 Rad8 17. Rxd6 Rxd6 18. Qe1 Re6 19. Qd2 Rd6 20. Qe1 Re6
21. Qd2 Rd6 22. Qe1 Qa4 23. a3 Bc2 24. g3 e5 25. Qf1 Qb3 26. Bc1 Bf5 27. Bc4
Qc2+ 28. Qe2 Rd1 29. Qxc2 Bxc2 30. Be2 Rd7 31. Be3 Bb3 32. a4 Bf8 33. Ke1 Kg7
34. Bd1 Bd5 35. Kf2 f5 36. Be2 Bb3 37. a5 Bc5 38. axb6 axb6 39. Bxc5 bxc5 40.
Ke1 Kf6 41. Ra6+ Ke7 42. Rb6 Bd5 43. Rb5 Kd6 44. b4 cxb4 45. c4 Bc6 46. Rxb4
Kc5 47. Rb8 Bb7 48. Re8 Kd4 49. Kd2 e4 50. fxe4 fxe4 51. Bf1 Bc6 52. Re6 Bb7
53. Bg2 e3+ 54. Rxe3 Kxc4+ 55. Ke1 Bxg2 56. Re2 Bd5 57. h3 Rf7 58. Re3 Kd4 59.
Re8 Rf3 60. Rh8 0-1